000 00483nam a2200181Ia 4500
001 25004
005 20260414151121.0
008 260414t1996||||xx |||||||||||||| ||spa||
041 _aESP
082 _a346.1
_bA66 T. 1
100 _aAraníbar Fernández Dávila, Gabriela
_eAUT
245 0 _aInstituciones del derecho civil peruano :
_bvisión histórica
260 _c1996
300 _a672 páginas :
_c20 cm.
650 _aDER
654 _aCDE
942 _cLIB
_dJUS
_fJUS
_2ddc
_n
999 _c25004
_d25004